000 00319nam a2200121Ia 4500
008 220204s9999 xx 000 0 und d
082 _a541.3
_bBAR
100 _aBard, Larry R
245 0 _aElectrochemical methods: Fundamentals and applications
260 _aNew York
_bWiley
_c1980
700 _aFaulkner
942 _cBK
999 _c36306
_d36306